Buenos Aires: producción agropecuaria, rama de actividad, empleo, ingresos, migración estacional, inmigración

Gardado en:
Detalles Bibliográficos
Autor Corporativo: Instituto de Fomento y Asesoría Municipal (Costa Rica)
Formato: Texto
Publicado: San José: El Instituto
Etiquetas: Engadir etiqueta
Sen Etiquetas, Sexa o primeiro en etiquetar este rexistro!

MARC

LEADER 00000 a a2200000 04500
001 16556
003
040
090 |a EXTRAVIADO  
110 |a Instituto de Fomento y Asesoría Municipal (Costa Rica)  
245 |a Buenos Aires: producción agropecuaria, rama de actividad, empleo, ingresos, migración estacional, inmigración  
260 |a San José:   |b El Instituto  
300 |a 13 p.  
999 |c 7391  |d 7391